• 首页
  • 本馆介绍
  • 公告通知
  • 最新文献
  • 馆藏检索
  • 电子资源
  • 读者导购
  • 参考咨询
  • 我的图书馆
  • 登录
  • 详细信息显示
  • 放入我的书架
  • 预约/预借图书
  • 作者相关作品
  • 分类相关作品
  • 丛书相关作品
  • 出版社相关作品

书目信息

  • 表格格式
  • 工作单格式
  • 卡片格式
题名:
海外见闻
    
 
作者: 余美云 , 管林 辑注
分册:  
出版信息: 北京   海洋出版社  1985
页数: 354页
开本: 19cm
丛书名:
单 册:
中图分类: K917 , K891
科图分类:
主题词: 风俗习惯--世界 , 名胜古迹--世界 , 风俗习惯
电子资源:
ISBN:
000 00669nam0 2200265 450
001 1555776433
005 20150127220620.17
010    @dCNY2.50
091    @a11193.0454
100    @a19901008d1985 em y0chiy0110 ea
101 0  @achi
102    @aCN@b110000
105    @ay z 000yy
200 1  @a海外见闻@Ahai wai jian wen@f余美云, 管林辑注
210    @a北京@c海洋出版社@d1985
215    @a354页@d19cm
606 0  @a风俗习惯@x世界
606 0  @a名胜古迹@y世界
606 0  @a风俗习惯
690    @aK917@v3
690    @aK891@v4
701  0 @a余美云@Ayu mei yun@4辑注
701  0 @a管林@Aguan lin@4辑注
801  0 @aCN@bTSSF@c20150127
905    @aZUCC@dK891@eJY10
    
    海外见闻/余美云, 管林辑注.-北京:海洋出版社,1985
    354页;19cm
    
    
    ISBN :CNY2.50
    
●
相关链接 在E读中查询图书 在五车中查询图书 在当当中查询图书 在豆瓣中查询图书


正题名:海外见闻     索取号:K891/JY10         预约/预借

序号 登录号 条形码 馆藏地/架位号 状态 备注
1 7841203   278412031   学院路分馆/ [索取号:K891/JY10] 在馆    
唐山师范学院图书馆 欢迎您!
大连网信软件有限公司© 版权所有